00000000nam##2200000za#4500
0019.675992
003CaOODSP
00520250403105549
007cr |||||||||||
008150407|1992||||xxc|||||o    f|0| 0 fre|d
040 |aCaOODSP|bfre
041 |aeng
041 |afre
043 |an-cn---
0861 |aCS92-313/1992-PDF
24500|aRégions métropolitaines de recensement et agglomérations de recensement |h[ressource électronique]
2461 |iDeuxième titre de série imprimé sur la couverture : |aListes de référence des secteurs de dénombrement
260 |aOttawa - Ontario : |bStatistique Canada |c1992.
500 |aPublication du recensement historique numérisé par Statistique Canada.
590 |a13-04-Supp|b2013-02-13
69107|aRecensement|2gcpds
7102 |aStatistique Canada.
791 |tCensus metropolitan areas and census agglomerations |eeng|w(CaOODSP)9.675991
85640|ahttp://publications.gc.ca|qPDF|s7.7 Mo|uhttps://publications.gc.ca/collections/collection_2012/statcan/rh-hc/CS92-313-1992.pdf